Images That Start with 'O' Quiz Stats

Quiz Updated Nov 8, 2017

Challenge
Share
Tweet
Score 0/20 Timer 04:00
0 Plays Today
% Correct
onions
98.5%
ostrich
96.6%
olives
95.7%
otter
92.1%
octagon
91.1%
octopus
89.8%
omega
89.1%
omelet
87.1%
orca
86.2%
origami orangutan
84.4%
% Correct
oboe
83.7%
organ
83.6%
oyster
83.1%
ottoman
72.8%
opossum
70%
orchid
57.7%
oriole
56.8%
osprey
43.2%
opal
42.8%
ocarina
30.7%

You're not logged in!

Compare scores with friends on all Sporcle quizzes.
Sign Up with Email
OR
Log In

You Might Also Like...

Show Comments

Extras

Top Quizzes Today


Score Distribution

Your Account Isn't Verified!

In order to create a playlist on Sporcle, you need to verify the email address you used during registration. Go to your Sporcle Settings to finish the process.